|
|
|
|
| LEADER |
02333nam a22004935i 4500 |
| 001 |
978-1-4020-6040-3 |
| 003 |
DE-He213 |
| 005 |
20151204144723.0 |
| 007 |
cr nn 008mamaa |
| 008 |
100301s2007 ne | s |||| 0|eng d |
| 020 |
|
|
|a 9781402060403
|9 978-1-4020-6040-3
|
| 024 |
7 |
|
|a 10.1007/978-1-4020-6040-3
|2 doi
|
| 040 |
|
|
|d GrThAP
|
| 050 |
|
4 |
|a QH345
|
| 050 |
|
4 |
|a QD415-436
|
| 072 |
|
7 |
|a PSB
|2 bicssc
|
| 072 |
|
7 |
|a SCI007000
|2 bisacsh
|
| 082 |
0 |
4 |
|a 572
|2 23
|
| 245 |
1 |
0 |
|a Nucleic Acids Hybridization Modern Applications
|h [electronic resource] /
|c edited by Anton A. Buzdin, Sergey A. Lukyanov.
|
| 264 |
|
1 |
|a Dordrecht :
|b Springer Netherlands,
|c 2007.
|
| 300 |
|
|
|a XIX, 314 p.
|b online resource.
|
| 336 |
|
|
|a text
|b txt
|2 rdacontent
|
| 337 |
|
|
|a computer
|b c
|2 rdamedia
|
| 338 |
|
|
|a online resource
|b cr
|2 rdacarrier
|
| 347 |
|
|
|a text file
|b PDF
|2 rda
|
| 505 |
0 |
|
|a Nucleic Acids Hybridization: Potentials and Limitations -- Selective Suppression of Polymerase Chain Reaction and Its Most Popular Applications -- Suppression Subtractive Hybridization -- Stem-Loop Oligonucleotides as Hybridization Probes and Their Practical Use in Molecular Biology and Biomedicine -- Normalization of cDNA Libraries -- Primer Extension Enrichment Reaction (PEER) and Other Methods for Difference Screening -- Subtractive Hybridization with Covalently Modified Oligonucleotides -- Coincidence Cloning: Robust Technique for Isolation of Common Sequences -- DNA Hybridization in Solution for Mutation Detection -- Current Attempts to Improve the Specificity of Nucleic Acids Hybridization -- Concepts on Microarray Design for Genome and Transcriptome Analyses.
|
| 650 |
|
0 |
|a Life sciences.
|
| 650 |
|
0 |
|a Cancer research.
|
| 650 |
|
0 |
|a Human genetics.
|
| 650 |
|
0 |
|a Virology.
|
| 650 |
|
0 |
|a Biochemistry.
|
| 650 |
1 |
4 |
|a Life Sciences.
|
| 650 |
2 |
4 |
|a Biochemistry, general.
|
| 650 |
2 |
4 |
|a Cancer Research.
|
| 650 |
2 |
4 |
|a Human Genetics.
|
| 650 |
2 |
4 |
|a Virology.
|
| 700 |
1 |
|
|a Buzdin, Anton A.
|e editor.
|
| 700 |
1 |
|
|a Lukyanov, Sergey A.
|e editor.
|
| 710 |
2 |
|
|a SpringerLink (Online service)
|
| 773 |
0 |
|
|t Springer eBooks
|
| 776 |
0 |
8 |
|i Printed edition:
|z 9781402060397
|
| 856 |
4 |
0 |
|u http://dx.doi.org/10.1007/978-1-4020-6040-3
|z Full Text via HEAL-Link
|
| 912 |
|
|
|a ZDB-2-SBL
|
| 950 |
|
|
|a Biomedical and Life Sciences (Springer-11642)
|